01213nab a22002297a 4500999001500000003000400015005001700019008004100036040000700077100003000084245010600114260007300220300001300293500004500306505027300351505008900624650003400713650003300747650004000780773015000820942001300970 c5522d5522OSt20251211130315.0190604e xxu||||| |||| 00| 0 spa d cPJ 96503aLavítola, Sofía10aEmpoderando al consumidor : bpropuesta para lograr mayor coherencia normativa /cSofía Lavítola. aCiudad Autónoma de Buenos Aires :bThomson Reuters La Ley, c2025. ap. 27-35 aCita Online: TR LALEY AR/DOC/1795/2025.  aSumario: I. Introducción.— II. Contexto legal.— III. Análisis del planteo.— IV. Por qué el esquema legal del deber de seguridad representa una amenaza o cuanto menos una previsión a completar.— V. Propuesta de reforma legislativa. — VI. Conclusión. t¿Te interesa el texto completo? Solicitalo al correo: koha@justierradelfuego.gov.ar 092608aDERECHOS DEL CONSUMIDOR 093951aDEBER DE INFORMACIÓN 092600aLEY DE DEFENSA DEL CONSUMIDOR0 0271493171dCiudad Autónoma de Buenos Aires : Thomson Reuters La Ley, 2014-tRevista anales de legislación argentina. Nº 11- Noviembre 2025. 2udccANA